ბათუმის შოთა რუსთაველის სახელმწიფო უნივერსიტეტის ბიბლიოთეკა

Erythrocyte - A Peripheral Biomarker For Infection and Inflammation / (ბიბ.ჩანაწერი № 58816)

000 -LEADER
fixed length control field 00977nam a22002297a 4500
005 - DATE AND TIME OF LATEST TRANSACTION
control field 20221105194206.0
008 - FIXED-LENGTH DATA ELEMENTS--GENERAL INFORMATION
fixed length control field 220919s2021 enk||||| |||| 00| 0 eng d
020 ## - INTERNATIONAL STANDARD BOOK NUMBER
International Standard Book Number 9781839691201 1
041 ## - LANGUAGE CODE
Language code of text/sound track or separate title eng
080 ## - UNIVERSAL DECIMAL CLASSIFICATION NUMBER
Universal Decimal Classification number 615.12+57 E-66
245 ## - TITLE STATEMENT
Title Erythrocyte - A Peripheral Biomarker For Infection and Inflammation /
Medium Edited by Kaneez Fatima Shad.
264 ## - PRODUCTION, PUBLICATION, DISTRIBUTION, MANUFACTURE, AND COPYRIGHT NOTICE
Place of production, publication, distribution, manufacture London,
Date of production, publication, distribution, manufacture, or copyright notice 2021.
300 ## - PHYSICAL DESCRIPTION
Extent 105 p.:
Other physical details ill.;
Dimensions 26 cm.
653 ## - INDEX TERM--UNCONTROLLED
keyword Эритроцит: периферический биомаркер инфекции и воспаления
653 ## - INDEX TERM--UNCONTROLLED
keyword ერითროციტი: პერიფერიული ბიომარკერი ინფექციისა და ანთებისთვის
653 ## - INDEX TERM--UNCONTROLLED
keyword Эритроциты
653 ## - INDEX TERM--UNCONTROLLED
keyword медицина
653 ## - INDEX TERM--UNCONTROLLED
keyword მედიცინა
653 ## - INDEX TERM--UNCONTROLLED
keyword ერიტრიციტები
700 ## - ADDED ENTRY--PERSONAL NAME
Personal name Shad, Kaneez Fatima
Relator term რედაქტორი
9 (RLIN) 14626
942 ## - ADDED ENTRY ELEMENTS (KOHA)
Source of classification or shelving scheme
Koha item type წიგნი
ეგზემპლარები
Withdrawn status Lost status Source of classification or shelving scheme Damaged status Not for loan Permanent Location Current Location Shelving location Date acquired Cost, normal purchase price Full call number Barcode Date last seen Copy number Price effective from Koha item type Public note
          ბათუმის შოთა რუსთაველის სახელმწიფო უნივერსიტეტის მთავარი ბიბლიოთეკა ბათუმის შოთა რუსთაველის სახელმწიფო უნივერსიტეტის მთავარი ბიბლიოთეკა წიგნსაცავი 2022-09-19 630.00 615.12+57 E-66 63063 2022-09-19 63063 2022-09-19 წიგნი 630 ლ.
          ბათუმის შოთა რუსთაველის სახელმწიფო უნივერსიტეტის მთავარი ბიბლიოთეკა ბათუმის შოთა რუსთაველის სახელმწიფო უნივერსიტეტის მთავარი ბიბლიოთეკა წიგნსაცავი 2022-09-19 630.00 615.12+57 E-66 63064 2022-09-19 63064 2022-09-19 წიგნი 630 ლ.